[Event "M.Chigorin Memorial 2017 "]
[Site "?????-?????????"]
[Date "2017.10.23"]
[Round "3"]
[Board "141"]
[White "Eynullayev, Atilla"]
[Black "Golovanskikh, Dmitriy"]
[Result "1-0"]
[WhiteElo "1919"]
[BlackElo "1471"]
[PlyCount "61"]
[EventDate "2017.10.21"]
[EventRounds "9"]
[EventCountry "RUS"]

1. e4 c5 2. Nf3 d6 3. d4 cxd4 4. Nxd4 Nf6 5. Nc3 a6 6. Be2 e5 7. Nb3 Be7 8. Be3
Be6 9. Nd5 Nxd5 10. exd5 Bf5 11. O-O O-O 12. c4 Nd7 13. Qd2 Rc8 14. Na5 Qc7 15.
b4 Nf6 16. f3 Bd8 17. Rac1 Qd7 18. Nb3 Be7 19. Rfd1 e4 20. c5 exf3 21. gxf3
Rfd8 22. c6 Qc7 23. Na5 b5 24. a4 Rb8 25. axb5 axb5 26. Nb7 Rxb7 27. cxb7 Qxb7
28. Ra1 Bf8 29. Ra5 Bd7 30. Ra7 Qb8 31. Ra6  1-0

[Event "M.Chigorin Memorial 2017 "]
[Site "?????-?????????"]
[Date "2017.10.23"]
[Round "3"]
[Board "142"]
[White "Naryshkina, Irina"]
[Black "Ahmadzada, Ahmad"]
[Result "0-1"]
[WhiteElo "1382"]
[BlackElo "2345"]
[PlyCount "120"]
[EventDate "2017.10.21"]
[EventRounds "9"]
[EventCountry "RUS"]

1. d4 Nf6 2. c4 e6 3. Bg5 c5 4. Nf3 cxd4 5. Nxd4 Qa5+ 6. Bd2 Qc7 7. e3 Nc6 8.
Nc3 Bc5 9. Ncb5 Qd8 10. Nxc6 bxc6 11. b4 Be7 12. Nd4 Ne4 13. g3 a5 14. bxa5
Nxd2 15. Qxd2 Qxa5 16. Qxa5 Rxa5 17. Nc2 Bf6 18. Rc1 Rxa2 19. Nd4 Kd8 20. Bg2
Kc7 21. O-O Bb7 22. Rb1 Rha8 23. Rfd1 R8a4 24. Bf1 Ba6 25. Nb3 d6 26. c5 d5 27.
Bxa6 Rxa6 28. Nd4 R2a5 29. Rdc1 Be7 30. Rb6 Rxc5 31. Rxa6 Rxc1+ 32. Kg2 Kb7 33.
Ra2 Rb1 34. Nf3 Bf6 35. Rc2 Rb5 36. g4 g5 37. Nd2 Rb2 38. Rxb2+ Bxb2 39. Kf1 c5
40. e4 c4 41. exd5 c3 42. Nb3 c2 43. dxe6 fxe6 44. Ke2 c1=Q 45. Nxc1 Bxc1 46.
Kd3 Kc6 47. Ke4 Bf4 48. h3 Kc5 49. h4 h6 50. f3 Kd6 51. h5 Kc5 52. Kd3 Kd5 53.
Kc3 Ke5 54. Kd3 Bc1 55. Ke2 Kf4 56. Kf2 e5 57. Kg2 Be3 58. Kh3 Kxf3 59. Kh2 e4
60. Kh3 Bf2  0-1

[Event "M.Chigorin Memorial 2017 "]
[Site "?????-?????????"]
[Date "2017.10.23"]
[Round "3"]
[Board "143"]
[White "Ismagilov, Igor"]
[Black "Zaykov, Sergey"]
[Result "0-1"]
[WhiteElo "1720"]
[BlackElo "2125"]
[PlyCount "120"]
[EventDate "2017.10.21"]
[EventRounds "9"]
[EventCountry "RUS"]

1. Nf3 f5 2. d4 Nf6 3. Bf4 g6 4. h3 Bg7 5. e3 d6 6. Nbd2 O-O 7. c4 Qe8 8. Be2
Nbd7 9. O-O e5 10. Bg3 b6 11. Qb3 Kh8 12. Rac1 Bb7 13. dxe5 dxe5 14. Qa4 Qe7
15. Bh4 h6 16. Bxf6 Bxf6 17. Nb3 c5 18. Rcd1 Rfd8 19. Rd2 e4 20. Nh2 Ne5 21.
Rfd1 a6 22. Nc1 Qe6 23. b3 Nc6 24. Nf1 Rxd2 25. Rxd2 Be5 26. f3 f4 27. b4 fxe3
28. Rd1 Bd4 29. Kh1 Ne5 30. f4 Nd3 31. Nxd3 exd3 32. Bg4 Qe7 33. Ng3 e2 34.
Nxe2 dxe2 35. Re1 Qe3 36. Qc2 Qf2 37. Qxe2 Bxg2+ 38. Kh2 Bf3+ 39. Qxf2 Bxf2 40.
Re6 Bxg4 41. hxg4 cxb4 42. Rxg6 Kh7 43. Rc6 Rf8 44. f5 h5 45. Kh3 hxg4+ 46.
Kxg4 Kg7 47. Rc7+ Rf7 48. Rc8 Bc5 49. Kg5 Be3+ 50. Kg4 Kf6 51. Rc6+ Kg7 52.
Rg6+ Kf8 53. Re6 Re7 54. Rc6 Kf7 55. Kf3 Bc5 56. Kf4 a5 57. Rc8 a4 58. Rh8 b3
59. Rh7+ Kf6 60. Rh6+ Kg7  0-1

[Event "M.Chigorin Memorial 2017 "]
[Site "?????-?????????"]
[Date "2017.10.23"]
[Round "3"]
[Board "144"]
[White "Makeev, Konstantin"]
[Black "Korchagina, Viktoria"]
[Result "0-1"]
[WhiteElo "1688"]
[BlackElo "2110"]
[PlyCount "64"]
[EventDate "2017.10.21"]
[EventRounds "9"]
[EventCountry "RUS"]

1. e4 c5 2. Nc3 Nc6 3. g3 g6 4. Bg2 Bg7 5. f4 d6 6. Nf3 e6 7. O-O Nge7 8. d3
O-O 9. Be3 Rb8 10. g4 b5 11. Rb1 Qa5 12. a3 f5 13. gxf5 exf5 14. Nd5 Nxd5 15.
exd5 Ne7 16. Ng5 h6 17. Ne6 Bxe6 18. dxe6 Rf6 19. Bd2 Qb6 20. Re1 d5 21. Qe2
Rd8 22. Qf2 d4 23. b4 c4 24. dxc4 bxc4 25. c3 Rxe6 26. Rxe6 Qxe6 27. Re1 Qf7
28. cxd4 Bxd4 29. Be3 Bf6 30. Bxa7 c3 31. Be3 Qb3 32. Bc5 c2  0-1

[Event "M.Chigorin Memorial 2017 "]
[Site "?????-?????????"]
[Date "2017.10.23"]
[Round "3"]
[Board "145"]
[White "Krestin, Denis"]
[Black "Gimenez, Gregoire"]
[Result "1-0"]
[WhiteElo "2107"]
[BlackElo "1711"]
[PlyCount "55"]
[EventDate "2017.10.21"]
[EventRounds "9"]
[EventCountry "RUS"]

1. e4 c5 2. f4 d5 3. exd5 Nf6 4. Bb5+ Nbd7 5. c4 a6 6. Ba4 b5 7. cxb5 Nxd5 8.
Nc3 Bb7 9. Nxd5 Bxd5 10. Nf3 e6 11. O-O c4 12. bxa6 Bc5+ 13. d4 cxd3+ 14. Kh1
Rxa6 15. Ne5 Bxg2+ 16. Kxg2 Qa8+ 17. Bc6 Rxc6 18. Nxc6 Qxc6+ 19. Qf3 Qa6 20.
Rd1 h5 21. Qxd3 Qb7+ 22. Qf3 Qa6 23. Be3 Rh6 24. Bxc5 Nxc5 25. Rac1 Rg6+ 26.
Kh1 Qb6 27. Rxc5 Qxc5 28. Qa8+  1-0

[Event "M.Chigorin Memorial 2017 "]
[Site "?????-?????????"]
[Date "2017.10.23"]
[Round "3"]
[Board "146"]
[White "Mochalin, Faddey"]
[Black "Tsarkov, Mikhail"]
[Result "1-0"]
[WhiteElo "2096"]
[BlackElo "1701"]
[PlyCount "55"]
[EventDate "2017.10.21"]
[EventRounds "9"]
[EventCountry "RUS"]

1. c4 Nf6 2. Nc3 g6 3. e4 Bg7 4. d4 d6 5. f3 Nbd7 6. Be3 O-O 7. Qd2 e5 8. Nge2
c6 9. O-O-O Qe7 10. d5 c5 11. g4 Nb6 12. Ng3 Ne8 13. Bd3 f6 14. h4 Rf7 15. Rdg1
Nc7 16. g5 f5 17. exf5 Bxf5 18. Nxf5 gxf5 19. h5 Kf8 20. g6 hxg6 21. hxg6 Rf6
22. Bg5 Ke8 23. Rh7 Qf8 24. Bxf6 Qxf6 25. Qg5 Qxg5+ 26. Rxg5 Bf6 27. Rxf5 Nd7
28. Ne4  1-0

[Event "M.Chigorin Memorial 2017 "]
[Site "?????-?????????"]
[Date "2017.10.23"]
[Round "3"]
[Board "147"]
[White "Zakharov, Yuri"]
[Black "Pogosian, Vladimir"]
[Result "0-1"]
[WhiteElo "1681"]
[BlackElo "2088"]
[PlyCount "42"]
[EventDate "2017.10.21"]
[EventRounds "9"]
[EventCountry "RUS"]

1. Nf3 f5 2. c4 Nf6 3. g3 d6 4. d4 g6 5. Bg2 Bg7 6. Nc3 O-O 7. O-O Nc6 8. b3 e5
9. d5 Ne7 10. Bb2 h6 11. e3 g5 12. Qc2 a6 13. a4 Qe8 14. Nd2 Qh5 15. f3 f4 16.
exf4 exf4 17. g4 Bxg4 18. fxg4 Nxg4 19. Nf3 Ne3 20. Qf2 g4 21. Rfe1 N7f5  0-1

[Event "M.Chigorin Memorial 2017 "]
[Site "?????-?????????"]
[Date "2017.10.23"]
[Round "3"]
[Board "148"]
[White "Mitra, Roman C"]
[Black "Sakalli, Selcuk Orkun"]
[Result "1-0"]
[WhiteElo "2087"]
[BlackElo "1699"]
[PlyCount "73"]
[EventDate "2017.10.21"]
[EventRounds "9"]
[EventCountry "RUS"]

1. e4 e5 2. Nf3 Nc6 3. Bc4 Nf6 4. d3 Be7 5. O-O O-O 6. Re1 d6 7. c3 Na5 8. Bb5
a6 9. Ba4 c5 10. h3 b5 11. Bc2 Nc6 12. Nbd2 Qc7 13. Nf1 d5 14. Bg5 Be6 15. exd5
Nxd5 16. Bxe7 Ndxe7 17. Ng3 Rad8 18. Qe2 f6 19. Ne4 c4 20. Nc5 Bf5 21. dxc4
Bxc2 22. Qxc2 Qd6 23. cxb5 Qxc5 24. bxc6 Qxc6 25. Rad1 Nd5 26. Qe4 Qe6 27. c4
Ne7 28. b3 Ng6 29. c5 f5 30. Qb7 e4 31. Rxd8 Rxd8 32. c6 Nf4 33. Ng5 Qc8 34.
Qf7+ Kh8 35. Qc4 Rf8 36. Nf7+ Rxf7 37. Qxf7  1-0

[Event "M.Chigorin Memorial 2017 "]
[Site "?????-?????????"]
[Date "2017.10.23"]
[Round "3"]
[Board "149"]
[White "Arbuzov, Timofey"]
[Black "Aseev, Vladimir"]
[Result "0-1"]
[WhiteElo "1658"]
[BlackElo "2082"]
[PlyCount "72"]
[EventDate "2017.10.21"]
[EventRounds "9"]
[EventCountry "RUS"]

1. e4 c5 2. Nf3 d6 3. d4 cxd4 4. Qxd4 Nc6 5. Bb5 Bd7 6. Bxc6 Bxc6 7. Bg5 h6 8.
Bh4 Qc7 9. Nc3 e5 10. Qd3 g5 11. Bg3 Nf6 12. O-O-O a6 13. Rhe1 Be7 14. Nd5 Nxd5
15. exd5 Bb5 16. Qb3 f6 17. Qb4 Rc8 18. Qe4 Qc4 19. Qg6+ Kd8 20. Kb1 Be8 21.
Qg7 Qxc2+ 22. Ka1 Qh7 23. Nd4 Qxg7 24. Ne6+ Kd7 25. Nxg7 Bf7 26. Rd2 Rc5 27.
Red1 Rhc8 28. b3 Rc1+ 29. Kb2 Rxd1 30. Rxd1 Rc5 31. Nf5 Rxd5 32. Rxd5 Bxd5 33.
Nxh6 Be6 34. f3 f5 35. h4 gxh4 36. Be1 Bg5  0-1

[Event "M.Chigorin Memorial 2017 "]
[Site "?????-?????????"]
[Date "2017.10.23"]
[Round "3"]
[Board "150"]
[White "Ageeva, Vasilisa"]
[Black "Nikonov, Alexej"]
[Result "1-0"]
[WhiteElo "1649"]
[BlackElo "2052"]
[PlyCount "81"]
[EventDate "2017.10.21"]
[EventRounds "9"]
[EventCountry "RUS"]

1. e4 d6 2. d4 g6 3. Nc3 Bg7 4. Be3 Nd7 5. Bc4 Nb6 6. Bb3 a5 7. a3 a4 8. Ba2
Be6 9. Bxe6 fxe6 10. Nf3 Nf6 11. Qd3 O-O 12. Ng5 Qd7 13. h3 Nh5 14. Ne2 Bf6 15.
Nf3 Bh8 16. Bh6 Bg7 17. Be3 Qc6 18. Ng5 d5 19. e5 Bh8 20. g4 Ng7 21. Nf4 Nc4
22. Nxg6 Nf5 23. Nxf8 Nxb2 24. Qe2 Nxe3 25. fxe3 Rxf8 26. c4 dxc4 27. Rf1 c3
28. Rxf8+ Kxf8 29. Qf3+ Qxf3 30. Nxf3 b5 31. Ng5 Bg7 32. Nxe6+ Kf7 33. Nxc7 Nc4
34. Ke2 b4 35. axb4 c2 36. Nd5 a3 37. Kd3 e6 38. Nf4 Nxe3 39. Kxe3 Bh6 40. b5
Bxf4+ 41. Kxf4  1-0

[Event "M.Chigorin Memorial 2017 "]
[Site "?????-?????????"]
[Date "2017.10.23"]
[Round "3"]
[Board "151"]
[White "Pryalukhin, Danila"]
[Black "Surovtseva, Alisa"]
[Result "1-0"]
[WhiteElo "2031"]
[BlackElo "1693"]
[PlyCount "39"]
[EventDate "2017.10.21"]
[EventRounds "9"]
[EventCountry "RUS"]

1. d4 d5 2. c4 c6 3. Nc3 Nf6 4. Nf3 e6 5. Bg5 dxc4 6. e4 b5 7. e5 h6 8. Bh4 g5
9. exf6 gxh4 10. Ne5 Qxf6 11. g3 Bd6 12. Qe2 Qe7 13. Bg2 Bb7 14. O-O Qc7 15.
Qh5 Qe7 16. a4 a6 17. Ne4 Rf8 18. axb5 Bb4 19. bxc6 Bc8 20. c7  1-0

[Event "M.Chigorin Memorial 2017 "]
[Site "?????-?????????"]
[Date "2017.10.23"]
[Round "3"]
[Board "152"]
[White "Shavykin, Oleg"]
[Black "Novitckii, Andrei"]
[Result "0-1"]
[WhiteElo "2002"]
[BlackElo "1688"]
[PlyCount "80"]
[EventDate "2017.10.21"]
[EventRounds "9"]
[EventCountry "RUS"]

1. e4 c5 2. Nc3 e6 3. Bc4 Nc6 4. a3 a6 5. d3 g6 6. Nh3 Bg7 7. Ba2 b5 8. O-O
Nge7 9. f4 d6 10. Qf3 Nd4 11. Qf2 O-O 12. Nd1 f5 13. c3 Ndc6 14. Ng5 Rf6 15.
exf5 Nxf5 16. g4 Nfe7 17. Re1 Nd5 18. f5 Ne5 19. Qg2 c4 20. dxc4 bxc4 21. fxe6
Nb6 22. Nf7 Nxf7 23. exf7+ Rxf7 24. Bxc4 Nxc4 25. Qxa8 Ne5 26. Bg5 Qb6+ 27. Be3
Qc7 28. Rf1 Re7 29. Nf2 Nc6 30. Bg5 Re8 31. Rae1 Be5 32. Ne4 Qb6+ 33. Kh1 Ne7
34. Bxe7 Qxb2 35. Nf6+ Kh8 36. Rxe5 Bb7+ 37. Nd5 Rxa8 38. Bxd6 Qd2 39. c4 Qd3
40. Rf7 Qxc4  0-1

[Event "M.Chigorin Memorial 2017 "]
[Site "?????-?????????"]
[Date "2017.10.23"]
[Round "3"]
[Board "153"]
[White "Shmoilov, Dmitry"]
[Black "Pitkanen, Juhani"]
[Result "1-0"]
[WhiteElo "1962"]
[BlackElo "1657"]
[PlyCount "53"]
[EventDate "2017.10.21"]
[EventRounds "9"]
[EventCountry "RUS"]

1. d4 Nf6 2. c4 g6 3. Nc3 Bg7 4. e4 d6 5. f3 O-O 6. Bg5 c5 7. d5 Nbd7 8. Nh3 a6
9. a4 Ne5 10. Nf2 b6 11. Be2 Qc7 12. O-O h6 13. Be3 Ne8 14. Qd2 Kh7 15. f4 Nd7
16. e5 f5 17. e6 Ndf6 18. g4 fxg4 19. f5 g5 20. Kh1 Kg8 21. Rg1 Nh7 22. Nxg4
Nef6 23. h4 Nxg4 24. Bxg4 Nf6 25. hxg5 Nxg4 26. gxh6 Bxc3 27. Rxg4+  1-0

[Event "M.Chigorin Memorial 2017 "]
[Site "?????-?????????"]
[Date "2017.10.23"]
[Round "3"]
[Board "154"]
[White "Chekletsova, Darya"]
[Black "Nikitin, Vladimir"]
[Result "1/2-1/2"]
[WhiteElo "1636"]
[BlackElo "1925"]
[PlyCount "113"]
[EventDate "2017.10.21"]
[EventRounds "9"]
[EventCountry "RUS"]

1. d4 Nf6 2. c4 g6 3. Nc3 Bg7 4. e4 d6 5. f3 O-O 6. Be3 Nbd7 7. Qd2 e5 8. d5 b6
9. O-O-O a6 10. Bh6 Nc5 11. g4 b5 12. cxb5 axb5 13. Bxb5 Rxa2 14. Bc4 Ra8 15.
b4 Na6 16. Bxa6 Bxa6 17. b5 Bb7 18. Kc2 Nd7 19. Rb1 Nc5 20. h4 f6 21. g5 Bxh6
22. gxh6 Bc8 23. Nh3 Bxh3 24. Rxh3 Ra3 25. Rg3 Kf7 26. h5 g5 27. Qg2 Rg8 28.
Qh3 Qc8 29. Qg2 Qa8 30. Qd2 Qa5 31. Rgg1 Ra8 32. Rgc1 Qb6 33. Qe1 Na4 34. Rb3
Rxb3 35. Kxb3 Nc5+ 36. Kc2 Qa5 37. Rb1 Qb6 38. Ra1 Ra5 39. Rxa5 Qxa5 40. Qb1
Qa7 41. Qg1 Qa3 42. Qb1 Qa5 43. Qb2 Qa7 44. Qb1 Nd7 45. Qf1 Qe3 46. Nd1 Qc5+
47. Nc3 Qd4 48. Qh3 Nc5 49. Qf5 Qd3+ 50. Kb2 Qd2+ 51. Kb1 Qe1+ 52. Kc2 Qf2+ 53.
Kb1 Qe1+ 54. Kc2 Qf2+ 55. Kb1 Qe1+ 56. Kc2 Qf2+ 57. Kb1  1/2-1/2

[Event "M.Chigorin Memorial 2017 "]
[Site "?????-?????????"]
[Date "2017.10.23"]
[Round "3"]
[Board "155"]
[White "Nuritdinov, Nizomitdin"]
[Black "Murzina, Agata"]
[Result "0-1"]
[WhiteElo "1924"]
[BlackElo "1637"]
[PlyCount "104"]
[EventDate "2017.10.21"]
[EventRounds "9"]
[EventCountry "RUS"]

1. d4 Nf6 2. Nf3 d5 3. e3 Bg4 4. c4 e6 5. Nc3 c5 6. Qb3 Qb6 7. cxd5 Qxb3 8.
axb3 Bxf3 9. gxf3 exd5 10. Nb5 Kd7 11. Rxa7 Rxa7 12. Nxa7 cxd4 13. exd4 Bb4+
14. Bd2 Bxd2+ 15. Kxd2 Nc6 16. Bh3+ Kc7 17. Rc1 Kb6 18. Nc8+ Kc7 19. Ne7 Re8
20. Nf5 g6 21. Ne3 Kd6 22. Kc3 Nh5 23. Re1 Re7 24. Ng2 Rc7 25. Re3 f5 26. b4
Ne7+ 27. Kb3 Rc4 28. Ne1 Rxd4 29. Bf1 Nc6 30. Nc2 Rd2 31. Re2 Rd3+ 32. Ka4 Rxf3
33. Kb5 Rb3 34. Ka4 Rxb2 35. b5 Ra2+ 36. Kb3 Rxc2 37. Kxc2 Nd4+ 38. Kd3 Nxe2
39. Kxe2 Nf4+ 40. Ke3 Ne6 41. f4 Kc5 42. h4 Nc7 43. Be2 d4+ 44. Kf2 Nxb5 45. h5
Nc3 46. Bd3 b5 47. hxg6 hxg6 48. Kg3 Nd5 49. Bb1 b4 50. Ba2 d3 51. Kf3 d2 52.
Bb3 Nc3  0-1

[Event "M.Chigorin Memorial 2017 "]
[Site "?????-?????????"]
[Date "2017.10.23"]
[Round "3"]
[Board "156"]
[White "Nikitin, Sergey E."]
[Black "Khodko, Yurii N."]
[Result "1-0"]
[WhiteElo "1923"]
[BlackElo "1583"]
[PlyCount "49"]
[EventDate "2017.10.21"]
[EventRounds "9"]
[EventCountry "RUS"]

1. e4 e6 2. d4 d5 3. Nd2 c5 4. exd5 Qxd5 5. Ngf3 cxd4 6. Bc4 Qd6 7. Nb3 Qb4+ 8.
Nbd2 Nc6 9. a3 Qb6 10. b4 Be7 11. Bb2 Bf6 12. O-O Bd7 13. Ne4 Ne5 14. Nxe5 Bxe5
15. Nc5 O-O-O 16. Qh5 f6 17. f4 Bb8 18. Qf7 Nh6 19. Nxd7 Rxd7 20. Qxe6 Kd8 21.
Qxb6+ axb6 22. Rad1 Re8 23. Bb5 Nf5 24. Bxd7 Kxd7 25. Bxd4  1-0

[Event "M.Chigorin Memorial 2017 "]
[Site "?????-?????????"]
[Date "2017.10.23"]
[Round "3"]
[Board "157"]
[White "Chagina, Ulyana"]
[Black "Schetchikov, Vladimir"]
[Result "0-1"]
[WhiteElo "1571"]
[BlackElo "1916"]
[PlyCount "88"]
[EventDate "2017.10.21"]
[EventRounds "9"]
[EventCountry "RUS"]

1. d4 Nf6 2. Nf3 c5 3. d5 g6 4. Nc3 Bg7 5. e4 d6 6. Be2 O-O 7. O-O Bg4 8. h3
Bxf3 9. Bxf3 Nbd7 10. Be2 a6 11. a4 Rb8 12. Re1 Ne8 13. Bd2 Nc7 14. a5 b5 15.
axb6 Rxb6 16. Na4 Rb8 17. Bc3 f6 18. b3 Nb5 19. Bb2 f5 20. Bxg7 Kxg7 21. exf5
Rxf5 22. Bg4 Re5 23. Qd2 Rxe1+ 24. Rxe1 Ne5 25. Nxc5 dxc5 26. Rxe5 Nd4 27. Qe3
Rb7 28. Qe4 a5 29. h4 Qd6 30. h5 a4 31. bxa4 Nxc2 32. Kh2 Rb4 33. Qe2 Rxg4 34.
Kh3 Nd4 35. Qe3 gxh5 36. Rxe7+ Kf8 37. Rxh7 Rh4+ 38. Kxh4 Nf5+ 39. Kxh5 Nxe3
40. fxe3 Qxd5+ 41. Kg6 Qxg2+ 42. Kf6 Qf3+ 43. Ke5 Qxe3+ 44. Kf6 Qd4+  0-1

[Event "M.Chigorin Memorial 2017 "]
[Site "?????-?????????"]
[Date "2017.10.23"]
[Round "3"]
[Board "158"]
[White "Kuizhev, Adam"]
[Black "Pradeep, Pandya"]
[Result "1-0"]
[WhiteElo "1911"]
[BlackElo "1571"]
[PlyCount "87"]
[EventDate "2017.10.21"]
[EventRounds "9"]
[EventCountry "RUS"]

1. e4 e5 2. Nf3 Nf6 3. Nxe5 d6 4. Nf3 Nxe4 5. d4 d5 6. Bd3 Be7 7. O-O O-O 8. c4
c6 9. Re1 Bf5 10. Nc3 Nxc3 11. bxc3 Bxd3 12. Qxd3 Bf6 13. Ba3 Re8 14. Rxe8+
Qxe8 15. Re1 Qd7 16. Ne5 Bxe5 17. Rxe5 Na6 18. Re7 Qg4 19. cxd5 cxd5 20. Rxb7
Re8 21. Re7 Rxe7 22. Bxe7 Qe6 23. Qe3 Nc7 24. Qxe6 fxe6 25. Kf1 Kf7 26. Bc5 a6
27. a4 Ne8 28. Ke2 Kf6 29. Ke3 e5 30. Ba7 e4 31. Bb8 Kf5 32. Be5 g5 33. f3 exf3
34. Kxf3 h5 35. a5 Ke6 36. Ke3 Kd7 37. Kd3 Nd6 38. Bxd6 Kxd6 39. c4 Kc6 40.
cxd5+ Kxd5 41. Ke3 g4 42. g3 Kd6 43. Ke4 Ke6 44. Kf4  1-0

[Event "M.Chigorin Memorial 2017 "]
[Site "?????-?????????"]
[Date "2017.10.23"]
[Round "3"]
[Board "159"]
[White "Popova, Polina"]
[Black "Pavlov, Mark"]
[Result "0-1"]
[WhiteElo "1560"]
[BlackElo "1909"]
[PlyCount "46"]
[EventDate "2017.10.21"]
[EventRounds "9"]
[EventCountry "RUS"]

1. e4 e6 2. d4 d5 3. Nd2 c5 4. Ngf3 Nf6 5. e5 Nfd7 6. dxc5 Nc6 7. Bb5 Bxc5 8.
O-O O-O 9. Bxc6 bxc6 10. Nb3 Bb6 11. c3 a5 12. Re1 f6 13. exf6 Nxf6 14. Nbd4
Ne4 15. Be3 Qd6 16. Ne2 Bc7 17. g3 e5 18. Ng5 Bf5 19. f3 Nxg5 20. Bxg5 Qg6 21.
Qd2 Bc2 22. Qe3 Rab8 23. b3 Bb6  0-1

[Event "M.Chigorin Memorial 2017 "]
[Site "?????-?????????"]
[Date "2017.10.23"]
[Round "3"]
[Board "160"]
[White "Shojhet, Sofiy"]
[Black "Shemakhanov, Danila"]
[Result "0-1"]
[WhiteElo "1905"]
[BlackElo "1542"]
[PlyCount "54"]
[EventDate "2017.10.21"]
[EventRounds "9"]
[EventCountry "RUS"]

1. c4 e5 2. b3 g6 3. Bb2 Bg7 4. Nc3 d6 5. e3 Ne7 6. d3 O-O 7. Nf3 f5 8. d4 e4
9. Nd2 c6 10. Be2 d5 11. g3 Nd7 12. Rc1 a6 13. Ba3 Nf6 14. Na4 Re8 15. Qc2 g5
16. c5 Ng6 17. h4 gxh4 18. gxh4 h5 19. Nb6 Rb8 20. Nf1 f4 21. Rg1 Bg4 22. f3
exf3 23. Qxg6 fxe2 24. Nh2 Ne4 25. Nxg4 Qxh4+ 26. Kxe2 hxg4 27. Rcd1 Qh2+  0-1

[Event "M.Chigorin Memorial 2017 "]
[Site "?????-?????????"]
[Date "2017.10.23"]
[Round "3"]
[Board "161"]
[White "Alekseev, Mikhail"]
[Black "Aslanov, Umid"]
[Result "1-0"]
[WhiteElo "1903"]
[BlackElo "1520"]
[PlyCount "95"]
[EventDate "2017.10.21"]
[EventRounds "9"]
[EventCountry "RUS"]

1. Nf3 d5 2. d4 Nf6 3. c4 e6 4. Nc3 Be7 5. Bg5 O-O 6. e3 h6 7. Bh4 b6 8. cxd5
Nxd5 9. Bxe7 Qxe7 10. Nxd5 exd5 11. Qc2 Be6 12. Bd3 c5 13. dxc5 bxc5 14. O-O
Nd7 15. Rfe1 f5 16. Rad1 Rab8 17. b3 Qf6 18. Qd2 Rb4 19. Nd4 Ne5 20. Nxe6 Qxe6
21. Be2 Rd8 22. Rc1 Nd7 23. Red1 Nf6 24. Rxc5 Re4 25. Qa5 Rd6 26. Bf3 Re5 27.
Qxa7 f4 28. Rc7 Ne8 29. Rc3 d4 30. Rxd4 fxe3 31. Rxd6 exf2+ 32. Kxf2 Qxd6 33.
Re3 Qd2+ 34. Re2 Rxe2+ 35. Bxe2 Qf4+ 36. Kg1 Qc1+ 37. Bf1 Nf6 38. Qa8+ Kh7 39.
Qf3 Qa1 40. a4 Qd4+ 41. Qf2 Qd1 42. Qf5+ Kh8 43. Qd3 Qe1 44. Qg3 Qd1 45. a5 Qa1
46. a6 Qc1 47. a7 Qc6 48. Qb8+  1-0

[Event "M.Chigorin Memorial 2017 "]
[Site "?????-?????????"]
[Date "2017.10.23"]
[Round "3"]
[Board "162"]
[White "Rubtsov, Aleksandr"]
[Black "Bugaev, Anton"]
[Result "1-0"]
[WhiteElo "1895"]
[BlackElo "1503"]
[PlyCount "101"]
[EventDate "2017.10.21"]
[EventRounds "9"]
[EventCountry "RUS"]

1. e4 c5 2. Nf3 d6 3. d4 cxd4 4. Nxd4 Nf6 5. Nc3 g6 6. Be3 Bg7 7. f3 O-O 8. Bc4
Nc6 9. Qd2 Qa5 10. O-O-O Nxd4 11. Bxd4 Bd7 12. Kb1 Rfc8 13. Bb3 b5 14. e5 dxe5
15. Bxe5 Bc6 16. Nd5 Qxd2 17. Nxe7+ Kf8 18. Rxd2 Kxe7 19. Bd6+ Ke8 20. Re1+ Ne4
21. fxe4 a5 22. c3 a4 23. Bd5 a3 24. e5 axb2 25. Kxb2 Ra6 26. Re4 Bf8 27. Rb4
Bxd5 28. Rxd5 Rca8 29. Rdxb5 Rxa2+ 30. Kb3 R2a3+ 31. Kc2 Ra2+ 32. Kd3 Rd8 33.
Rb8 Bxd6 34. Rxd8+ Kxd8 35. exd6 Kd7 36. Rb7+ Kxd6 37. Rxf7 Rxg2 38. Rxh7 Rf2
39. Kc4 Kc6 40. Rh6 Rg2 41. h3 Rg3 42. Kd4 Kd6 43. Kc4 Kc6 44. Kb4 Kb6 45. c4
Rg1 46. h4 Kb7 47. Kc5 Rg4 48. Rh7+ Kc8 49. Kd5 g5 50. h5 Rh4 51. h6  1-0

[Event "M.Chigorin Memorial 2017 "]
[Site "?????-?????????"]
[Date "2017.10.23"]
[Round "3"]
[Board "163"]
[White "Shkuratov, Vladimir"]
[Black "Timofeev, Vsevolod"]
[Result "1-0"]
[WhiteElo "1887"]
[BlackElo "1479"]
[PlyCount "121"]
[EventDate "2017.10.21"]
[EventRounds "9"]
[EventCountry "RUS"]

1. e4 e5 2. Nf3 Nc6 3. Bb5 a6 4. Ba4 Nf6 5. O-O Be7 6. Re1 b5 7. Bb3 d6 8. c3
O-O 9. h3 Nb8 10. d4 Nbd7 11. Nbd2 Bb7 12. Bc2 Re8 13. Nf1 Bf8 14. Ng3 g6 15.
d5 Bg7 16. a4 Nc5 17. Be3 c6 18. b4 Nxa4 19. Bxa4 bxa4 20. c4 cxd5 21. exd5 Rc8
22. Nd2 Nd7 23. Nde4 Nb6 24. Bxb6 Qxb6 25. Qxa4 Qd8 26. Qb3 Kh8 27. Rac1 f5 28.
Nd2 e4 29. Ne2 Qg5 30. Rc2 f4 31. Nc3 f3 32. g3 e3 33. Nxf3 Qf6 34. Kg2 exf2
35. Rxe8+ Rxe8 36. Nd1 f1=Q+ 37. Kxf1 Qa1 38. Rd2 Bh6 39. Rd3 Bg7 40. c5 Bc8
41. g4 dxc5 42. bxc5 a5 43. d6 Be6 44. d7 Bxd7 45. Rxd7 a4 46. Qf7 Rf8 47. Qd5
Qf6 48. Kg2 a3 49. Ra7 Qa1 50. Nf2 Qb2 51. Ra8 Bh6 52. g5 Bg7 53. Ra7 Rf5 54.
Qd8+ Rf8 55. Qd5 Rf5 56. Qc4 Rf8 57. c6 Rxf3 58. Kxf3 a2 59. Ra8+ Bf8 60. Rxf8+
Kg7 61. Qg8#  1-0

[Event "M.Chigorin Memorial 2017 "]
[Site "?????-?????????"]
[Date "2017.10.23"]
[Round "3"]
[Board "164"]
[White "Moskaleva, Arina"]
[Black "Yakovlev, Yuri S."]
[Result "1/2-1/2"]
[WhiteElo "1536"]
[BlackElo "1876"]
[PlyCount "96"]
[EventDate "2017.10.21"]
[EventRounds "9"]
[EventCountry "RUS"]

1. e4 c5 2. Nf3 a6 3. d4 cxd4 4. Nxd4 b5 5. Nc3 Bb7 6. Bd3 Qc7 7. O-O e6 8. Re1
Bc5 9. Nf3 Nf6 10. h3 d6 11. Bd2 Qb6 12. Qe2 Nbd7 13. a4 b4 14. Na2 a5 15. Nc1
O-O 16. Nb3 Ba6 17. Nxc5 Nxc5 18. Bxa6 Qxa6 19. Qxa6 Rxa6 20. e5 Nd5 21. Rad1
dxe5 22. Nxe5 Nxa4 23. b3 Nac3 24. Bxc3 bxc3 25. Nc4 a4 26. bxa4 Rxa4 27. Ne3
Ra5 28. Rd3 Rc8 29. Red1 Rcc5 30. Rb1 g6 31. Nxd5 exd5 32. Rb3 Kg7 33. Rbxc3 f5
34. Kh2 Kf6 35. Kg3 g5 36. Kh2 Ke5 37. Re3+ Kd6 38. Rf3 f4 39. g3 Ke5 40. h4 h6
41. Kh3 d4 42. Rcd3 Rxc2 43. hxg5 hxg5 44. gxf4+ gxf4 45. Kg4 Ra8 46. Rxf4 Rg8+
47. Kf3 Rxf2+ 48. Kxf2 Kxf4  1/2-1/2

[Event "M.Chigorin Memorial 2017 "]
[Site "?????-?????????"]
[Date "2017.10.23"]
[Round "3"]
[Board "165"]
[White "Babotin, Nikita"]
[Black "Zyrjanow, Leonid"]
[Result "0-1"]
[WhiteElo "1530"]
[BlackElo "1873"]
[PlyCount "68"]
[EventDate "2017.10.21"]
[EventRounds "9"]
[EventCountry "RUS"]

1. e4 e5 2. Nf3 Nc6 3. d4 d6 4. Bc4 Bg4 5. Bxf7+ Kxf7 6. Ng5+ Qxg5 7. Bxg5 Bxd1
8. Kxd1 Nxd4 9. f4 h6 10. Bh4 exf4 11. Rf1 g5 12. Bf2 Bg7 13. Nc3 c6 14. g3 Ne6
15. gxf4 gxf4 16. Ne2 Kg6 17. Kd2 Be5 18. h4 Nf6 19. c3 Nxe4+ 20. Ke1 Nxf2 21.
Kxf2 Kh5 22. Rh1 Rhg8 23. Kf3 Raf8 24. Rad1 b5 25. Nd4 Rg3+ 26. Kf2 Bxd4+ 27.
cxd4 d5 28. Rhe1 Rf6 29. Re5+ Kg4 30. Rde1 Nxd4 31. Re7 Nf5 32. Rxa7 f3 33. Ra8
Rg2+ 34. Kf1 Ng3#  0-1